Statistics for Liverpool FC Squad 2020-2021

Click here to take the quiz!

General Stats

  • This quiz has been taken 146 times
    (120 since last reset)
  • The average score is 25 of 31

Answer Stats

#PositionNationPlayer% Correct
1GKBrazilAlisson Becker
100%
4DFNetherlandsVirgil van Dijk
100%
11FWEgyptMohamed Salah
98%
9FWBrazilRoberto Firmino
98%
10FWSenegalSadio Mané
98%
3MFBrazilFabinho
97%
14MFEnglandJordan Henderson
96%
26DFScotlandAndrew Robertson
95%
20FWPortugalDiogo Jota
95%
8MFGuineaNaby Keïta
93%
6MFSpainThiago Alcántara
93%
66DFEnglandTrent Alexander-Arnold
93%
32DFCameroonJoel Matip
90%
-CoachGermanyJürgen Klopp
89%
5MFNetherlandsGeorginio Wijnaldum
88%
7MFEnglandJames Milner
88%
12DFEnglandJoe Gomez
87%
23FWSwitzerlandXherdan Shaqiri
87%
13GKSpainAdrián San Miguel
86%
18FWJapanTakumi Minamino
86%
27FWBelgiumDivock Origi
83%
17MFEnglandCurtis Jones
79%
21DFGreeceKonstantinos Tsimikas
79%
62GKIrelandCaoimhin Kelleher
68%
47DFEnglandNathaniel Phillips
66%
15MFEnglandAlex Oxlade-Chamberlain
64%
76DFWalesNeco Williams
60%
19DFTurkeyOzan Kabak
57%
72DFNetherlandsSepp van den Berg
44%
28DFEnglandBen Davies
36%
58MFWalesBen Woodburn
29%

Score Distribution

Percentile by Number Answered

Percent of People with Each Score

Your Score History

You have not taken this quiz since the last reset